书目信息 |
| 题名: |
现代外国财政制度
|
|
| 作者: | 王德祥 编著 | |
| 分册: | ||
| 出版信息: | 武汉 武汉大学出版社 2016.07 |
|
| 页数: | 357页 | |
| 开本: | 26cm | |
| 丛书名: | ||
| 单 册: | ||
| 中图分类: | F811.2 | |
| 科图分类: | ||
| 主题词: | 财政制度--国外--高等学校--教材 | |
| 电子资源: | ||
| ISBN: | 978-7-307-17723-9 | |
| 000 | 01092nam0 2200277 450 | |
| 001 | 0120161978943 | |
| 005 | 20170911155849.78 | |
| 010 | @a978-7-307-17723-9@dCNY40.00 | |
| 100 | @a20160817d2016 em y0chiy50 ea | |
| 101 | 0 | @achi |
| 102 | @aCN@b420000 | |
| 105 | @aak z 000yy | |
| 106 | @ar | |
| 200 | 1 | @a现代外国财政制度@9xian dai wai guo cai zheng zhi du@dNodern foreign public finance systems@f王德祥编著@zeng |
| 205 | @a2版 | |
| 210 | @a武汉@c武汉大学出版社@d2016.07 | |
| 215 | @a357页@c图@d26cm | |
| 300 | @a21世纪经济学系列教材 | |
| 330 | @a本书在第一版介绍美国、德国、法国、英国、日本和俄罗斯等主要国家的公共预算制度、公共支出制度、公共收入或税收制度、国债制度、财政体制和国有资产管理制度的基础上,增加了印度、芬兰财政制度的内容,加强了公共财政制度的理论基础叙述,结合现实调整了一些章节。 | |
| 333 | @a高校经济学专业师生 | |
| 510 | 1 | @aNodern foreign public finance systems@zeng |
| 606 | 0 | @a财政制度@x国外@x高等学校@j教材 |
| 690 | @aF811.2@v5 | |
| 701 | 0 | @a王德祥@9wang de xiang@4编著 |
| 801 | 0 | @aCN@b人天书店@c20160817 |
| 905 | @b1062876-81@dF811.2@e84=2@f6 | |
| 现代外国财政制度=Nodern foreign public finance systems/王德祥编著.-2版.-武汉:武汉大学出版社,2016.07 |
| 357页:图;26cm |
| 21世纪经济学系列教材.-使用对象:高校经济学专业师生 |
| ISBN 978-7-307-17723-9:CNY40.00 |
| 本书在第一版介绍美国、德国、法国、英国、日本和俄罗斯等主要国家的公共预算制度、公共支出制度、公共收入或税收制度、国债制度、财政体制和国有资产管理制度的基础上,增加了印度、芬兰财政制度的内容,加强了公共财政制度的理论基础叙述,结合现实调整了一些章节。 |
| ● |
| 相关链接 |
|
|
|
|
正题名:现代外国财政制度
索取号:F811.2/84=2
 
预约/预借
| 序号 | 登录号 | 条形码 | 馆藏地/架位号 | 状态 | 备注 |
| 1 | 1062876 | 210628766 | 第一样本阅览室/ [索取号:F811.2/84=2] | 在馆 | |
| 2 | 1062877 | 210628775 | 第一借阅区/ [索取号:F811.2/84=2] | 在馆 | |
| 3 | 1062878 | 210628784 | 第一借阅区/ [索取号:F811.2/84=2] | 在馆 | |
| 4 | 1062879 | 210628793 | 第一借阅区/ [索取号:F811.2/84=2] | 在馆 | |
| 5 | 1062880 | 210628800 | 第一借阅区/ [索取号:F811.2/84=2] | 在馆 | |
| 6 | 1062881 | 210628819 | 密集书库-海洋学院/ [索取号:F811.2/84=2] | 在馆 |